|
|
|
|
| LEADER |
00000cam a2200000 a 4500 |
| 001 |
75039-3 |
| 003 |
Ucuenca |
| 005 |
20230810062802.0 |
| 008 |
000000|1937 fr |||||r|||||||||||spa|| |
| 040 |
|
|
|b spa
|
| 041 |
0 |
|
|a fre
|
| 082 |
0 |
|
|a 621.31
|
| 100 |
1 |
|
|a Gillon, G.
|9 121319
|
| 245 |
|
|
|a L'électricité et ses applications industrielles: applications
|c G. Gillon
|h imp
|n tomo 3
|
| 264 |
|
|
|a Paris
|b Dunod
|c 1937
|
| 300 |
|
|
|a 134 páginas:
|b ilu
|c 24 cm
|
| 500 |
|
|
|a Vitrina del segundo piso
|
| 504 |
|
|
|a incl. ref.
|
| 650 |
|
4 |
|a Ingeniería eléctrica
|9 36079
|
| 650 |
|
0 |
|a Aplicaciones industriales
|9 38929
|
| 852 |
|
|
|a UC-CDJBV
|f Compra
|l 1
|m Limitada
|p 00000000
|t 75039-3
|b 1
|d CDRC
|e CDRC
|g 621.31 SEGUNDO PISO
|z 0000-00-00
|
| 856 |
|
|
|a http://sibuc.ucuenca.edu.ec/portada/75039-3.jpg
|
| 942 |
|
|
|c BK
|
| 999 |
|
|
|c 71894
|d 71894
|